000 00721mam a2200253 a 4500
001 1996744
003 OSt
005 20220118152852.0
008 961011s1998 txua b 001 0 eng d
020 _a0155188410
040 _aNNC
_cNNC
050 4 _aHB171.5.B32
100 1 _aBaumol, William J.
245 1 0 _aEconomics: principles and policy. /
_cWilliam J. Baumol, Alan S. Blinder.
250 _a3rd ed.,
260 _aNew York:
_bHarcourt Brace,
_c1985.
300 _axxxii, 875 p. :
_bill. ;
500 _a"Text has been updated to reflect the most current data"--T.p. verso.
504 _aIncludes index.
505 _aContents:
650 0 _aEconomics.
700 1 _aBlinder, Alan S.
942 _2lcc
_cBK
999 _c8433
_d15933